000 01503nam a2200253Ia 4500
003 OSt
005 20211019153327.0
008 210310s1950 mx fr 001 0 spa d
040 _aCO-JMCR
_cCO-JMCR
041 0 _aspa
_heng
082 0 4 _a330.1 /
_bW177d
_223
100 1 _aWalker, Ronald,
_917784
_eautor
245 1 0 _aDe la teoría económica a la política económica /
_cRonald Walker ; traducción de la versión inglesa por Ramon Verea Rial ; introducción por Manuel de Torres
260 _aMéxico :
_bAguilar,
_c1950
300 _axxvi, 334 páginas ;
_c21 cm.
500 _aIncluye índice alfabético de materias y notas a pie de página. Título original: From economic theory to policy
505 0 _aLa distancia que separa la teoría económica de la política económica -- El consejo económico en la práctica -- Hacia una teoría económica realista -- La deformación del concepto teórico -- El problema de la conducta -- Más allá del mercado -- El problema de la variación económica -- Algunas teorías del desarrollo económico -- Nuevas concepciones de la teoría del desarrollo económico -- La ilusión de la neutralidad -- Algunos objetivos de la política económica -- Revisión del bienestar económico
546 _aTraducido del inglés.
650 1 4 _aPolítica económica
_917786
650 2 4 _aCiencias económicas
_911379
700 1 _aVerea Rial, Ramon,
_etraductor
_939005
700 1 _aTorres, Manuel de,
_eautor de introducción
_93623
942 _2ddc
_cBK
999 _c8613
_d8613